000 00535nam a2200229Ia 4500
003 OSt
005 20220924142601.0
006 a|||||r|||| 00| 0
007 ta
008 ASM
024 _a302497
037 _cTextual
040 _aARTS
_cARTS
_bASM
041 _2ASM
_aASM
082 _aO121,3NDE,1, 158M1
100 _aDeledda
_9213670
245 0 _aLa madra
260 _c1981
650 _aITALIAN LITERATURE
_962212
942 _hO121,3NDE,1, 158M1
_cTEXL
_2CC
999 _c451199
_d451199